000 00310pab a2200133 454500
008 180718b xxu||||| |||| 00| 0 eng d
100 _aSahay K.B.
245 _aBirth control myth
362 _a4 May 1994, p.11
650 _a Birth Control
650 _aPopulation
773 _aHindustan Times
909 _a26950
999 _c26950
_d26950